000 00442nam a22001817a 4500
005 20240911125643.0
010 _aENG-140116
020 _c250.00
_a9788194998501
035 _aEN-123648
037 _bDBAD
082 _a881
100 _aGhoshal, Aishee
_971480
245 _aPoems From Sisyphus' Rock/
_cBy Aishee Ghoshal
250 _a1
260 _c2021
300 _a78p.
_c22(hb)
942 _2ddc
_cEN
_h881
_mGHO
999 _c202060
_d202060